Geography Quiz

Random Geography or World Quiz

Country by Area Range Quiz Stats

 Plays Quiz Updated Dec 7, 2018

Score 0/39 Timer 13:00
18 Plays Today
Area range (square km) Countries % Correct
17,098,242 - 8,514,877Russia, Canada, United States, China, Brazil
99.9%
7,741,220 - 2,505,813Australia, India, Argentina, Kazakhstan
96.2%
2,381,741 - 1,904,569Algeria, Democratic Republic of the Congo, Saudi Arabia, Mexico, Indonesia, Sudan
88.2%
1,759,540 - 1,284,000Libya, Iran, Mongolia, Peru, Chad
80.8%
1,267,000 - 1,138,914Niger, Angola, Mali, South Africa, Colombia
73.9%
1,104,300 - 947,300Ethiopia, Bolivia, Mauritania, Egypt, Tanzania
66.2%
643,427 - 587,041France, Somalia, Central African Republic, Ukraine, Madagascar
66.1%
923,768 - 796,095Nigeria, Venezuela, Namibia, Mozambique, Pakistan
62.2%
783,562 - 652,230Turkey, Chile, Zambia, Myanmar, Afghanistan, South Sudan
62.2%
581,730 - 505,370Botswana, Kenya, Yemen, Thailand, Spain
61.4%
357,022 - 329,847Germany, Republic of the Congo, Finland, Vietnam, Malaysia
58.4%
61 and underSan Marino, Tuvalu, Nauru, Monaco, Vatican City
58.2%
323,802 - 301,340Norway, Cote d'Ivoire, Poland, Oman, Italy
55.6%
488,100 - 447,400Turkmenistan, Cameroon, Papua New Guinea, Sweden, Uzbekistan
53.7%
446,550 - 377,915Morocco, Iraq, Paraguay, Zimbabwe, Japan
51.7%
245,857 - 238,391Guinea, United Kingdom, Uganda, Ghana, Romania
45.8%
316 - 160Malta, Maldives, Saint Kitts and Nevis, Marshall Islands, Liechtenstein
41.4%
300,000 - 267,667Philippines, Ecuador, Burkina Faso, New Zealand, Gabon
39.2%
702 - 459Micronesia, Singapore, Saint Lucia, Andorra, Palau
36.2%
236,800 - 196,722Laos, Guyana, Belarus, Kyrgyzstan, Senegal
34.7%
Area range (square km) Countries % Correct
147,181 - 130,370Nepal, Bangladesh, Tajikistan, Greece, Nicaragua
34.5%
111,369 - 103,000Liberia, Bulgaria, Cuba, Guatemala, Iceland
34.2%
99,720 - 86,600South Korea, Hungary, Portugal, Jordan, Azerbaijan
33.9%
185,180 - 163,610Syria, Cambodia, Uruguay, Suriname, Tunisia
33.3%
83,871 - 75,420Austria, United Arab Emirates, Czechia, Serbia, Panama
32.1%
4,033 - 2,040Cabo Verde, Samoa, Luxembourg, Comoros, Mauritius
31.6%
49,035 - 41,543Slovakia, Dominican Republic, Estonia, Denmark, Netherlands
31.4%
120,538 - 112,090North Korea, Malawi, Eritrea, Benin, Honduras
30.5%
71,740 - 65,300Sierra Leone, Ireland, Georgia, Sri Lanka, Lithuania
29.9%
455 - 344Seychelles, Antigua and Barbuda, Barbados, Saint Vincent and the Grenadines, Grenada
29.1%
64,589 - 51,100Latvia, Togo, Croatia, Bosnia and Herzegovina, Costa Rica
29%
964 - 741Sao Tome and Principe, Kiribati, Dominica, Tonga, Bahrain
28%
30,528 - 28,748Belgium, Lesotho, Armenia, Solomon Islands, Albania
27.7%
13,812 - 10,991Montenegro, Vanuatu, Qatar, The Gambia, Jamaica
27.4%
23,200 - 20,273Djibouti, Belize, Israel, El Salvador, Slovenia
27%
18,274 - 13,880Fiji, Kuwait, eSwatini, Timor-Leste, Bahamas
26.6%
10,887 - 5,128Kosovo, Lebanon, Cyprus, Brunei, Trinidad and Tobago, Palestine
26.4%
28,051 - 25,713Equatorial Guinea, Burundi, Haiti, Rwanda, North Macedonia
24.8%
41,277 - 33,851Switzerland, Bhutan, Guinea-Bissau, Taiwan, Moldova
24.3%

You're not logged in!

Compare scores with friends on all Sporcle quizzes.
OR
Log In

You Might Also Like...

Show Comments

Extras

Top Quizzes Today


Score Distribution

Your Account Isn't Verified!

In order to create a playlist on Sporcle, you need to verify the email address you used during registration. Go to your Sporcle Settings to finish the process.

Report this User

Report this user for behavior that violates our Community Guidelines.

Details: